000 00339nam a22001337a 4500
008 180926b xxu||||| |||| 00| 0 eng d
020 _a9780807856031
041 _aeng
080 _a370
100 _a37
101 _aEDU
245 _aThe Joy Of Teaching A practical Guide New College Instruction
_cFilene.P
942 _2udc
_cBK
999 _c48498
_d48498